National Assembly Library of Thailand

เอกลักษณ์ของระบอบประชาธิปไตยอันมีพระมหากษัตริย์ทรงเป็นประมุข: จัดพิมพ์ขึ้นเนื่องในโอกาสเฉลิมฉลองครบรอบ 100 ปี ราชบัณฑิตยสภา / (ระเบียนเลขที่ 107639)

รายละเอียดในรูปแบบ MARC
000 -LEADER
fixed length control field 02510nam a2200265 4500
003 - CONTROL NUMBER IDENTIFIER
control field NALT
005 - DATE AND TIME OF LATEST TRANSACTION
control field 20260114122952.0
008 - FIXED-LENGTH DATA ELEMENTS--GENERAL INFORMATION
fixed length control field 260108b th ||||| |||| 00| 0 tha d
020 ## - INTERNATIONAL STANDARD BOOK NUMBER
International Standard Book Number 9786163891976
040 ## - CATALOGING SOURCE
Original cataloging agency NALT
050 ## - LIBRARY OF CONGRESS CALL NUMBER
Classification number JC 423
Item number อ881 2567
245 00 - TITLE STATEMENT
Title เอกลักษณ์ของระบอบประชาธิปไตยอันมีพระมหากษัตริย์ทรงเป็นประมุข: จัดพิมพ์ขึ้นเนื่องในโอกาสเฉลิมฉลองครบรอบ 100 ปี ราชบัณฑิตยสภา /
Statement of responsibility, etc. สำนักงานราชบัณฑิตยสภา ; สำนักธรรมศาสตร์และการเมือง.
250 ## - EDITION STATEMENT
Edition statement พิมพ์ครั้งที่ 1.
260 ## - PUBLICATION, DISTRIBUTION, ETC.
Place of publication, distribution, etc. กรุงเทพฯ :
Name of publisher, distributor, etc. สำนักงานราชบัณฑิตยสภา,
Date of publication, distribution, etc. 2567.
300 ## - PHYSICAL DESCRIPTION
Extent 120 หน้า ;
Dimensions 21 ซม.
505 2# - FORMATTED CONTENTS NOTE
Formatted contents note ส่วนที่ 1 : ความนำ / โดย ศาสตราจารย์ ดร.วรเดช จันทรศร -- ส่วนที่ 2 : การปาฐกถาเรื่อง พระมหากษัตริย์กับความเป็นไทย / โดย ศาสตราจารย์ (พิเศษ) ดร.เอนก เหล่าธรรมทัศน์ -- ส่วนที่ 3 : การปาฐกถาเรื่อง พระมหากษัตริย์กับการพัฒนาประเทศ / โดย ศาสตราจารย์ ดร.วิษณุ เครืองาม -- ส่วนที่ 4 : การปาฐกถาเรื่อง เอกลักษณ์ของระบอบประชาธิปไตยไทยในกระแสประชาธิปไตยโลก / โดย ศาสตราจารย์ ดร.บวรศักดิ์ อุวรรณโณ.
650 #4 - SUBJECT ADDED ENTRY--TOPICAL TERM
Topical term or geographic name entry element ประชาธิปไตย
9 (RLIN) 2054
710 2# - ADDED ENTRY--CORPORATE NAME
Corporate name or jurisdiction name as entry element สำนักงานราชบัณฑิตยสภา.
9 (RLIN) 2
710 2# - ADDED ENTRY--CORPORATE NAME
Corporate name or jurisdiction name as entry element สำนักธรรมศาสตร์และการเมือง
9 (RLIN) 67273
942 ## - ADDED ENTRY ELEMENTS (KOHA)
Source of classification or shelving scheme Local Classification
Koha item type General Book
996 ## - STAFF PROCESSING RECORDS (NALT)
Staff name jidapa.t
Staff type ACQSTF
Acquisition or Cataloging date 2026-01-08
996 ## - STAFF PROCESSING RECORDS (NALT)
Staff name varee.k
Staff type LIBSTF
Acquisition or Cataloging date 2026-01-09
996 ## - STAFF PROCESSING RECORDS (NALT)
Staff name saiphon.d
Staff type CATSTF
Acquisition or Cataloging date 2026-01-14
998 ## - STAFF NAME (NALT)
-- 104
-- นางสาวสายฝน ดีงาม
รายการที่มีในห้องสมุด
Withdrawn status Lost status Source of classification or shelving scheme Damaged status Not for loan Collection code Home library Current library Shelving location Date acquired Source of acquisition Total Checkouts Full call number Barcode Date last seen Price effective from Koha item type
    Library of Congress Classification     General Book collection National Assembly Library of Thailand National Assembly Library of Thailand General Book shelves 08/01/2026 หน่วยงานภาครัฐ   JC 423 อ881 2567 3961216042 08/01/2026 08/01/2026 General Book
หอสมุดรัฐสภา
สำนักงานเลขาธิการสภาผู้แทนราษฎร เลขที่ 1111 ถนนสามเสน แขวงถนนนครไชยศรี เขตดุสิต กรุงเทพฯ 10300
The Secretariat of the House of Representatives 1111 Samsen Road, Thanon Nakhon Chai Si, Dusit, Bangkok 10300, THAILAND
โทรศัพท์: +66(0) 2242 5900 ต่อ 5714-5 โทรสาร: +66(0) 2242 5990 อีเมล: [email protected]